书目信息 |
| 题名: |
夏娃的七个女儿
|
|
| 作者: | 赛克斯 著 ;张振 译 | |
| 分册: | ||
| 出版信息: | 北京 北京时代华文书局 2015.2 |
|
| 页数: | 260页 | |
| 开本: | 25cm | |
| 丛书名: | 时代因知译丛 | |
| 单 册: | ||
| 中图分类: | Q3-49 | |
| 科图分类: | ||
| 主题词: | 遗传学--普及读物 | |
| 电子资源: | ||
| ISBN: | 978-7-80769-999-6 | |
| 000 | 01013nam 2200277 450 | |
| 001 | 0400004724 | |
| 005 | 20171024170739.0 | |
| 010 | @a978-7-80769-999-6@dCNY48.00 | |
| 100 | @a20150307d2015 em y0chiy50 ea | |
| 101 | 1 | @achi@ceng |
| 102 | @aCN@b110000 | |
| 105 | @aab z 000yy | |
| 106 | @ar | |
| 200 | 1 | @a夏娃的七个女儿@9xia wa de qi ge nv er@dThe seven daughters of Eve@e揭秘我们的遗传学先祖@f(英)布莱恩·赛克斯[著]@g张振译@zeng |
| 210 | @a北京@c北京时代华文书局@d2015.2 | |
| 215 | @a260页@c图,照片,地图@d25cm | |
| 225 | 1 | @a时代因知译丛 |
| 330 | @a本书通过七位女性DNA的故事,解析人类DNA的起源与发展,内容包括从血型到基因、特殊的信使、最伟大的航海家、第一个欧洲人、亚当出现了、环顾世界等。 | |
| 461 | 0 | @12001 @a时代因知译丛 |
| 510 | 1 | @aSeven daughters of Eve@zeng |
| 606 | 0 | @a遗传学@j普及读物 |
| 690 | @aQ3-49@v5 | |
| 701 | 0 | @c(英)@a赛克斯@9sai ke si@c(Sykes, Bryan)@4著 |
| 702 | 0 | @a张振@9zhang zhen@c(翻译)@4译 |
| 801 | 0 | @aCN@b91MARC@c20171024 |
| 905 | @b1039025-9@dQ3-49@f5@e78 | |
| 夏娃的七个女儿=The seven daughters of Eve:揭秘我们的遗传学先祖/(英)布莱恩·赛克斯[著]/张振译.-北京:北京时代华文书局,2015.2 |
| 260页:图,照片,地图;25cm.-(时代因知译丛) |
| ISBN 978-7-80769-999-6:CNY48.00 |
| 本书通过七位女性DNA的故事,解析人类DNA的起源与发展,内容包括从血型到基因、特殊的信使、最伟大的航海家、第一个欧洲人、亚当出现了、环顾世界等。 |
| ● |
| 相关链接 |
|
|
|
|
正题名:夏娃的七个女儿
索取号:Q3-49/78
 
预约/预借
| 序号 | 登录号 | 条形码 | 馆藏地/架位号 | 状态 | 备注 |
| 1 | 1039025 | 210390254 | 第二样本阅览室/ [索取号:Q3-49/78] | 在馆 | |
| 2 | 1039026 | 210390263 | 数信系资料室/ [索取号:Q3-49/78] | 在馆 | |
| 3 | 1039027 | 210390272 | 第三借阅区/ [索取号:Q3-49/78] | 在馆 | |
| 4 | 1039028 | 210390281 | 第三借阅区/ [索取号:Q3-49/78] | 在馆 | |
| 5 | 1039029 | 210390290 | 第三借阅区/ [索取号:Q3-49/78] | 在馆 |